000
00314nam a2200121Ia 4500
008
180309s9999 xx 000 0 und d
020
_a
185797476
100
_a
Coulter, Catherine
245
4
_a
The hellion bride /
260
_a
England
_b
1992
_c
Orion pub
300
_a
378 pages
650
_a
Psychological Thrillers
999
_c
356142
_d
356142